| 000 | 00550nam a2200169 4500 | ||
|---|---|---|---|
| 005 | 20260327184804.0 | ||
| 008 | - | ||
| 020 | _a9789968090056 | ||
| 040 |
_aBiblioteca LadoV Teorética _cBiblioteca LadoV Teorética _erda |
||
| 082 | 0 | 4 |
_a708 _bL864d |
| 100 | 1 |
_aLópez, Pancho _9568 |
|
| 245 | 1 | 0 |
_aDestejer la memoria : _bAlexia Miranda / _ccurador Pancho López |
| 260 | 1 |
_aCosta Rica : _bMuseo de Arte y Diseño Contemporáneo, _c2023 |
|
| 300 |
_a49 páginas : _bfotografías ; _c9.5 x 9.25 cm. |
||
| 650 | 0 | _aArtes - Exposiciones. | |
| 942 |
_2ddc _c1 _n0 |
||
| 999 |
_c4618 _d4618 |
||